000 00783nam a22002177a 4500
999 _c10171
_d10171
003 AR-CdUCM
008 190329b ||||| |||| 00| 0 spa d
040 _aMUNICIPALIDAD PROVINCIAL DEL CUSCO
_cBIBLIOTECA MUNICIPAL DEL CUSCO
082 _a869.56 /
_bV18P7 / 1967
100 _aValcárcel, Gustavo.
_9737
245 _aPoesía extremista /
260 _aLima :
_bEditora Perú Nuevo,
_c1967
300 _a28 páginas ;
_bilustraciones ;
_c21.5 cm.
500 _aDonación de la familia Nieto. Dedicatoria para Luis Nieto y Berta Degregori de Nieto
650 _aPoesía peruana - Siglo XX
_914083
650 _aPoetas peruanos
_91611
650 _aPoesía extremista
_910479
700 _aBejar Rivera, Hector (Ilustrador).
_910481
942 _2ddc
_cLIBROS
945 _alccs